000 nam a22 a 4500
999 _c1335
_d1335
003 AKMAL
005 20170509102130.0
008 170509s1996 my 00 may d
020 _a9830770362 (kkt.):
_cRM 14.90
040 _aAKMAL
082 0 4 _a297.63 MAH
090 _a297.63
_bMAH
100 1 _aAyoub, Mahmoud M.
_92618
245 1 0 _aIslam iman dan amal /
_cMahmoud M. Ayoub ; [penterjemah Siti Sujinah Sarnap]
260 _aKuala Lumpur :
_bPerniagaan Jahabersa,
_c1996
300 _av, 295ms. ;
_c21cm
500 _aMengandungi ayat-ayat dari al-Quran
650 _aIslam
_xCustoms and practices
_91330
650 _aFaith (Islam)
_91640
700 0 _aSiti Sujinah Sarnap
_92532
856 4 _uhttp://www.jahabersa.com.my/tauhid/islam-iman-dan-amal
_yKulit Depan & Ringkasan
942 _2ddc
_cBOOK